000 00961nam a2200277Ia 4500
003 OSt
005 20220923211426.0
006 a|||||r|||| 00| 0
007 ta
008 220922b |||||||| |||| 00| 0 san d
020 _a9788193805206 (hbk (2 Vols.))
_c1000
024 _a352,998
037 _b330, 27/02/2020, Eastern Book Linkers
_cTextual
040 _aARTS
_cARTS
_bsan
041 _2san
_asan
082 _aP15,C:4x1,1, 152Q9
100 _aअमर सिंह, ले.
245 0 _aअमरकोशः
246 _aAmarakoshah
260 _aवाराणसी
_b आदित्य बुक सेन्टर
_c2019
490 _vभाग 1
650 _a संस्कृत साहित्य
650 _aसंस्कृत भाषा
_9160439
942 _hP15,C:4x1,1, 152Q9
_cTEXL
_2CC
999 _c299308
_d299308